Dalit women: Vanguard of an alternative politics in India (Record no. 360997)

MARC details
000 -LEADER
fixed length control field 00515 a2200193 4500
005 - DATE & TIME
control field 20250218122434.0
008 - FIXED-LENGTH DATA ELEMENTS--GENERAL INFORMATION
fixed length control field 250218b |||||||| |||| 00| 0 eng d
020 ## - ISBN
International Standard Book Number 9781138098442
Price Rs. 1595.00
040 ## - CATALOGING SOURCE
Original cataloging agency VIVEKANANDA LIBRARY
082 ## - DDC NUMBER
Classification number 305.5688
Book Number A14D
100 ## - MAIN ENTRY--PERSONAL NAME
Personal name Anandhi, S, ed.
245 ## - TITLE STATEMENT
Title Dalit women: Vanguard of an alternative politics in India
260 ## - PUBLICATION, DISTRIBUTION, ETC. (IMPRINT)
Name of publisher, distributor, etc Routledge
Date of publication, distribution, etc 2025
Place of publication, distribution, etc London
300 ## - PHYSICAL DESCRIPTION
Pages xvii, 350
650 ## - Subject
Subject Sociology
650 ## - Subject
Subject Dalit Women
700 ## - Added Entry Personal Name
Added Entry Personal Name Kapadia, Karin, ed.
942 ## - ADDED ENTRY ELEMENTS (KOHA)
Koha item type Books
Holdings
Withdrawn status Lost status Source of classification or shelving scheme Damaged status Not for loan Location (home branch) Sublocation or collection (holding branch) Shelving location Date acquired Koha issues (times borrowed) Koha full call number Accession No. Koha date last seen Koha item type
    Dewey Decimal Classification     VIVEKANANDA LIBRARY VIVEKANANDA LIBRARY Vivekananda Library 03/02/2025   305.5688 A14D 442228 03/02/2025 Books
© Designed and Maintained by Vivekananda Library, MDU Rohtak